[Event "SV Dinslaken 1 - SK Münster 2"]
[Site "NRW-Klasse, Gruppe 1 2012/201"]
[Date "2012.12.16"]
[Round "4.6"]
[White "Neuer, Thomas"]
[Black "Niermann, Rainer"]
[Result "0-1"]
[WhiteElo "2041"]
[BlackElo "2020"]
[PlyCount "118"]
[EventDate "2012.??.??"]
[WhiteTeam "SV Dinslaken 1"]
[BlackTeam "SK Münster 2"]

1. Nf3 c5 2. c4 Nc6 3. g3 g6 4. Bg2 Bg7 5. Nc3 d6 6. O-O Nf6 7. d4 cxd4 8. Nxd4
Bd7 9. Nc2 O-O 10. b3 Qa5 11. Bd2 Qh5 12. e4 Bg4 13. f3 Bh3 14. Qe2 Bxg2 15.
Kxg2 Rfe8 16. Rac1 Rac8 17. Qf2 Qc5 18. Be3 Qa5 19. Nd4 Nd7 20. Rfd1 Nc5 21.
Qc2 Nb4 22. Qb1 a6 23. Nd5 Nxa2 24. b4 Qa4 25. Rc2 Nxb4 26. Qxb4 e6 27. Qxa4
Nxa4 28. Nb4 a5 29. Nd3 Bxd4 30. Bxd4 b5 31. Ra1 bxc4 32. Nf2 Nc5 33. Ng4 Nb3
34. Nf6+ Kf8 35. Rd1 e5 36. Be3 Red8 37. Nxh7+ Kg7 38. Ng5 a4 39. Nh3 a3 40.
Bc1 Nd4 41. Ra2 Nb5 42. Ra1 Ra8 43. f4 c3 44. Rd5 Nd4 45. fxe5 Nc2 46. Ra2 Nb4
47. Rxa3 Rxa3 48. Bxa3 Nxd5 49. exd5 dxe5 50. d6 c2 51. Ng1 Rxd6 52. Ne2 Rd3
53. Bc1 f5 54. Kf2 Kf6 55. h4 Ke6 56. Be3 Kd5 57. Bc1 Kc4 58. Bb2 Kb3 59. Bxe5
Rd2 0-1

[Event "SV Dinslaken 1 - SK Münster 2"]
[Site "NRW-Klasse, Gruppe 1 2012/201"]
[Date "2012.12.16"]
[Round "4.7"]
[White "Ollech, Dirk"]
[Black "Jaeger, Martin"]
[Result "1/2-1/2"]
[WhiteElo "1942"]
[BlackElo "2065"]
[PlyCount "57"]
[EventDate "2012.??.??"]
[WhiteTeam "SK Münster 2"]
[BlackTeam "SV Dinslaken 1"]

1. c4 e6 2. g3 d5 3. Bg2 Nf6 4. Nf3 Be7 5. O-O O-O 6. b3 Nbd7 7. Bb2 c6 8. d3
b6 9. Nbd2 Bb7 10. e4 dxe4 11. dxe4 Nc5 12. Qe2 Qd3 13. Qxd3 Nxd3 14. Bc3 Rfd8
15. h3 Rac8 16. e5 Nd7 17. Rad1 N7c5 18. h4 h6 19. Nh2 a5 20. Ng4 Nb4 21. Bxb4
axb4 22. Ne4 Nxe4 23. Bxe4 Rxd1 24. Rxd1 Rc7 25. h5 Kf8 26. f4 Bc8 27. Ne3 Bc5
28. Kf2 Ke7 29. Kf3 1/2-1/2

[Event "SV Dinslaken 1 - SK Münster 2"]
[Site "NRW-Klasse, Gruppe 1 2012/201"]
[Date "2012.12.16"]
[Round "4.8"]
[White "Wokrina, Andre"]
[Black "Simons, Dirk"]
[Result "0-1"]
[WhiteElo "1988"]
[BlackElo "1876"]
[PlyCount "66"]
[EventDate "2012.??.??"]
[WhiteTeam "SV Dinslaken 1"]
[BlackTeam "SK Münster 2"]

1. Nf3 Nf6 2. c4 c5 3. g3 Nc6 4. Bg2 e5 5. Nc3 d6 6. O-O Be7 7. d3 O-O 8. Bg5
Ng4 9. Bd2 f5 10. Ne1 f4 11. Nc2 Qe8 12. h3 Nh6 13. e3 f3 14. Bxf3 Bxh3 15.
Bd5+ Kh8 16. Bg2 Bxg2 17. Kxg2 Qg6 18. e4 Rf7 19. Bxh6 Qxh6 20. Nd5 Raf8 21. b4
cxb4 22. Ndxb4 Nxb4 23. Nxb4 d5 24. Nxd5 Bc5 25. f3 Qg6 26. Rb1 h5 27. Rb5 b6
28. Rxc5 bxc5 29. Ne3 Rb7 30. Rf2 h4 31. g4 Qg5 32. Nd5 Rfb8 33. Qc2 Rb1 0-1

[Event "SC Bocholt 1 - SG Bochum 2"]
[Site "NRW-Klasse, Gruppe 1 2012/201"]
[Date "2012.12.16"]
[Round "4.1"]
[White "Tkachuk, Konstantyn"]
[Black "Fuest, Martin"]
[Result "1/2-1/2"]
[WhiteElo "2236"]
[BlackElo "2082"]
[PlyCount "44"]
[EventDate "2012.??.??"]
[WhiteTeam "SG Bochum 2"]
[BlackTeam "SC Bocholt 1"]

1. e4 d5 2. exd5 Qxd5 3. d4 c6 4. c4 Qd6 5. Nc3 Nf6 6. Nf3 g6 7. Be2 Bg7 8. O-O
O-O 9. h3 Nfd7 10. Be3 b6 11. Qd2 f5 12. Bh6 e5 13. Bxg7 Kxg7 14. dxe5 Qxd2 15.
Nxd2 Nxe5 16. f4 Nf7 17. Bf3 Bd7 18. Nb3 Na6 19. Rad1 Rad8 20. Nd4 Nb8 21. Rfe1
Rfe8 22. Kf2 Rxe1 1/2-1/2

[Event "SC Bocholt 1 - SG Bochum 2"]
[Site "NRW-Klasse, Gruppe 1 2012/201"]
[Date "2012.12.16"]
[Round "4.2"]
[White "Steiner, Karl"]
[Black "Kitte, Sebastian"]
[Result "0-1"]
[WhiteElo "1984"]
[BlackElo "2244"]
[PlyCount "114"]
[EventDate "2012.??.??"]
[WhiteTeam "SC Bocholt 1"]
[BlackTeam "SG Bochum 2"]

1. Nf3 d5 2. d4 Nf6 3. c4 e6 4. Nc3 dxc4 5. e3 a6 6. a4 Bb4 7. Bxc4 b6 8. O-O
O-O 9. Qe2 Bb7 10. Rd1 Qe7 11. Ne5 Rd8 12. Bd2 Nbd7 13. Nxd7 Rxd7 14. Na2 Bd6
15. b4 e5 16. Be1 exd4 17. exd4 Qxe2 18. Bxe2 Re8 19. Bc4 Red8 20. Bc3 Ne4 21.
Rab1 Be5 22. Rd3 Nxc3 23. Nxc3 Rxd4 24. Rxd4 Rxd4 25. Rd1 Rxd1+ 26. Nxd1 Bd6
27. b5 axb5 28. axb5 c6 29. Nc3 cxb5 30. Nxb5 Bc5 31. Kf1 Kf8 32. f3 Ke7 33.
Ke2 Bc8 34. Nc3 Be6 35. Kd3 Bg1 36. h3 f5 37. Ne2 Bf2 38. Nf4 Bxc4+ 39. Kxc4
Kd6 40. Nd3 Be3 41. Nb4 Bc5 42. Nd3 g5 43. g3 Be3 44. Nb4 h5 45. Nd3 Bc5 46. g4
fxg4 47. fxg4 h4 48. Kc3 Kd5 49. Kd2 b5 50. Ke2 b4 51. Nc1 Ke4 52. Nd3 Bd6 53.
Nc1 Kd4 54. Kf3 Kc4 55. Ke4 b3 56. Nd3 Kc3 57. Ke3 b2 0-1

[Event "SC Bocholt 1 - SG Bochum 2"]
[Site "NRW-Klasse, Gruppe 1 2012/201"]
[Date "2012.12.16"]
[Round "4.3"]
[White "Kahleys, Kevin"]
[Black "Liesmann, Karsten"]
[Result "1-0"]
[WhiteElo "2181"]
[BlackElo "1997"]
[PlyCount "93"]
[EventDate "2012.??.??"]
[WhiteTeam "SG Bochum 2"]
[BlackTeam "SC Bocholt 1"]

1. Nf3 e6 2. d4 f5 3. c4 Nf6 4. g3 d5 5. Bg2 c6 6. b3 Bd6 7. O-O Qe7 8. Bb2 O-O
9. Qc1 Ne4 10. Ba3 Bxa3 11. Qxa3 Qe8 12. Ne5 Nd7 13. Nd3 Ndf6 14. f3 Ng5 15.
Nd2 b6 16. Rfe1 Bb7 17. Rac1 Qd8 18. Qb2 a5 19. a4 Ba6 20. Nf4 Qd7 21. h4 Nf7
22. e4 dxe4 23. fxe4 Rfe8 24. e5 Ng4 25. Nf3 Bb7 26. Rcd1 Qc7 27. Nh2 Nxh2 28.
Kxh2 g5 29. Nh5 gxh4 30. Nf6+ Kh8 31. Nxe8 hxg3+ 32. Kg1 Rxe8 33. d5 cxd5 34.
cxd5 Qc5+ 35. Kh1 Qb4 36. Qd4 Qxd4 37. Rxd4 Bxd5 38. Bxd5 exd5 39. e6 Ng5 40.
Rxd5 Rxe6 41. Rxe6 Nxe6 42. Rd6 Nf4 43. Rxb6 Kg7 44. b4 Nd5 45. bxa5 f4 46. Rb3
Kg6 47. a6 1-0

[Event "SC Bocholt 1 - SG Bochum 2"]
[Site "NRW-Klasse, Gruppe 1 2012/201"]
[Date "2012.12.16"]
[Round "4.4"]
[White "Gajic, Goran"]
[Black "Schlawin, Marlon"]
[Result "1/2-1/2"]
[WhiteElo "1956"]
[BlackElo "2211"]
[PlyCount "62"]
[EventDate "2012.??.??"]
[WhiteTeam "SC Bocholt 1"]
[BlackTeam "SG Bochum 2"]

1. d4 e6 2. Nf3 c5 3. c3 Nf6 4. Bg5 h6 5. Bh4 b6 6. e3 Bb7 7. Nbd2 d6 8. Bb5+
Nbd7 9. Bxf6 gxf6 10. dxc5 bxc5 11. Qa4 a6 12. Bxd7+ Qxd7 13. Qxd7+ Kxd7 14.
Nc4 Rb8 15. O-O-O Rg8 16. Ne1 Bd5 17. b3 Bxc4 18. bxc4 Rg4 19. f4 f5 20. g3 Bg7
21. Kc2 h5 22. Nf3 Bf6 23. Rb1 Rxb1 24. Rxb1 Kc7 25. Rg1 Kc6 26. Ng5 h4 27. Nf3
hxg3 28. Rxg3 e5 29. Rxg4 fxg4 30. Nd2 Bg7 31. f5 Bh6 1/2-1/2

[Event "SC Bocholt 1 - SG Bochum 2"]
[Site "NRW-Klasse, Gruppe 1 2012/201"]
[Date "2012.12.16"]
[Round "4.5"]
[White "Mazarov, Juergen"]
[Black "Robeling, Stephan"]
[Result "1-0"]
[WhiteElo "2142"]
[BlackElo "1897"]
[PlyCount "83"]
[EventDate "2012.??.??"]
[WhiteTeam "SG Bochum 2"]
[BlackTeam "SC Bocholt 1"]

1. e4 e6 2. d4 d5 3. Nd2 c5 4. exd5 exd5 5. Ngf3 Nc6 6. Be2 Nf6 7. O-O Be7 8.
dxc5 Bxc5 9. Nb3 Be7 10. c3 O-O 11. Nbd4 a6 12. Bg5 h6 13. Bh4 Ne4 14. Bxe7
Qxe7 15. Re1 Qf6 16. Qb3 Nxd4 17. cxd4 Be6 18. Qxb7 Rab8 19. Qxa6 Rxb2 20. Qa3
Rfb8 21. Qe3 g5 22. Ne5 Rc8 23. f3 Rc3 24. Bd3 Nd6 25. Bh7+ Kxh7 26. Qxc3 Rb8
27. Qc7 Rd8 28. a4 Nf5 29. Qb6 Nh4 30. a5 Rc8 31. Qb2 Qf4 32. a6 Bf5 33. Rec1
Rxc1+ 34. Rxc1 g4 35. a7 gxf3 36. Nxf3 Nxf3+ 37. gxf3 Qxf3 38. Rf1 Qg4+ 39. Kf2
Qf4+ 40. Kg1 Qg4+ 41. Qg2 Qxd4+ 42. Kh1 1-0

[Event "SC Bocholt 1 - SG Bochum 2"]
[Site "NRW-Klasse, Gruppe 1 2012/201"]
[Date "2012.12.16"]
[Round "4.6"]
[White "Hunhoff, Sebastian"]
[Black "Werthebach, Felix"]
[Result "0-1"]
[WhiteElo "1795"]
[BlackElo "2145"]
[Annotator "Doe,John"]
[PlyCount "114"]
[EventDate "2012.??.??"]
[WhiteTeam "SC Bocholt 1"]
[BlackTeam "SG Bochum 2"]

1. c4 f5 2. Nc3 Nf6 3. g3 g6 4. Bg2 Bg7 5. d3 O-O 6. e4 fxe4 7. dxe4 d6 8. Nge2
Nc6 9. O-O Be6 10. b3 Qd7 11. Bb2 Bh3 12. Nf4 Bxg2 13. Kxg2 e5 14. Nfd5 Nd4 15.
Nxf6+ Rxf6 16. Nd5 Rf7 17. Bxd4 exd4 18. Qd2 Raf8 19. Rae1 $11 Qg4 20. f4 Re8
21. Rf2 Qh5 22. Qe2 Qxe2 23. Rfxe2 d3 24. Re3 c6 25. Nb4 Bc3 26. Nxd3 Bxe1 27.
Rxe1 Kg7 28. g4 h6 29. h4 g5 30. hxg5 hxg5 31. f5 Rfe7 32. Kf3 Rh8 33. Kg3 Rhe8
34. Kf3 Rh8 35. Kg3 b6 36. b4 Rhe8 37. Kf3 Rh8 38. Kg3 Rhe8 39. Kf3 Rh8 40. Kg3
c5 41. b5 Kf6 42. Nf2 a6 43. a4 axb5 44. axb5 Ra8 45. Kf3 Ra3+ 46. Re3 Rxe3+
47. Kxe3 Ra7 48. Nd3 Ra4 49. e5+ dxe5 50. Nf2 Rxc4 51. Ne4+ Ke7 52. f6+ Ke6 53.
f7 Rxe4+ 54. Kxe4 Kxf7 55. Kxe5 Ke7 56. Kf5 Kd6 57. Kxg5 Ke5 0-1

[Event "SC Bocholt 1 - SG Bochum 2"]
[Site "NRW-Klasse, Gruppe 1 2012/201"]
[Date "2012.12.16"]
[Round "4.8"]
[White "Boeing, Frank"]
[Black "Werrn, Pascal"]
[Result "0-1"]
[WhiteElo "1872"]
[BlackElo "2000"]
[Annotator "Doe,John"]
[PlyCount "80"]
[EventDate "2012.??.??"]
[WhiteTeam "SC Bocholt 1"]
[BlackTeam "SG Bochum 2"]

1. d4 Nf6 2. Nf3 e6 3. Bg5 c5 4. c3 b6 5. e3 Bb7 6. Nbd2 cxd4 7. exd4 Be7 8.
Bd3 d6 9. O-O O-O 10. Re1 Nbd7 11. Qb3 Re8 12. Rad1 Qc7 13. Bf4 a6 14. h3 Bf8
15. Re2 Qc6 16. Rde1 Rad8 17. Qc4 $11 b5 18. Qxc6 Bxc6 19. Ne4 Nxe4 20. Bxe4
Bxe4 21. Rxe4 Nf6 22. R4e2 Nd5 23. Bg3 Rc8 24. Nd2 Nb6 25. f4 g6 26. Bh4 Nd5
27. Bg3 Nf6 28. Bf2 Nd5 29. Bg3 Rc6 30. Ne4 Be7 31. Nf2 b4 32. cxb4 Nxb4 33. a3
Nd5 34. Nd3 Rec8 35. Nb4 Nxb4 36. axb4 d5 37. Ra1 Bxb4 38. Ra2 Rc1+ 39. Kh2 a5
40. Bh4 Kg7 0-1

[Event "Bielefelder SK 1 - Langenfelder SF 1"]
[Site "NRW-Klasse, Gruppe 1 2012/201"]
[Date "2012.12.16"]
[Round "4.1"]
[White "Weber, Peter"]
[Black "Malcher, Werner"]
[Result "0-1"]
[WhiteElo "2189"]
[BlackElo "2329"]
[PlyCount "38"]
[EventDate "2012.??.??"]
[WhiteTeam "Langenfelder SF 1"]
[BlackTeam "Bielefelder SK 1"]

1. e4 c5 2. Nf3 d6 3. d4 cxd4 4. Nxd4 Nf6 5. Nc3 Nc6 6. Bc4 e6 7. Bb3 Be7 8.
Be3 O-O 9. f4 Nxd4 10. Qxd4 Ng4 11. Bg1 e5 12. fxe5 Bh4+ 13. g3 Nxe5 14. Qf2
Bg5 15. h4 Bh6 16. Bh2 Kh8 17. O-O Bh3 18. Rfd1 Ng4 19. Qe2 Qb6+ 0-1

[Event "Bielefelder SK 1 - Langenfelder SF 1"]
[Site "NRW-Klasse, Gruppe 1 2012/201"]
[Date "2012.12.16"]
[Round "4.2"]
[White "Forchert, Martin"]
[Black "Rechmann, Peter"]
[Result "1/2-1/2"]
[WhiteElo "2261"]
[BlackElo "2255"]
[PlyCount "61"]
[EventDate "2012.??.??"]
[WhiteTeam "Bielefelder SK 1"]
[BlackTeam "Langenfelder SF 1"]

1. e4 e5 2. Nf3 Nc6 3. d4 exd4 4. Nxd4 Bb4+ 5. c3 Bc5 6. Nxc6 bxc6 7. Bd3 d6 8.
O-O Nf6 9. Nd2 Ng4 10. h3 Ne5 11. Nb3 Bb6 12. Nd4 Nxd3 13. Qxd3 Bd7 14. Re1 O-O
15. Bd2 Qf6 16. Re2 Rfe8 17. Rae1 h6 18. Qg3 Qg6 19. Qxg6 fxg6 20. h4 c5 21.
Nc2 Be6 22. Ra1 a5 23. Ne3 c4 24. Rae1 a4 25. a3 Bf7 26. Nc2 g5 27. Nd4 g4 28.
f3 Rab8 29. Be3 d5 30. exd5 Bxd5 31. Nf5 1/2-1/2

[Event "Bielefelder SK 1 - Langenfelder SF 1"]
[Site "NRW-Klasse, Gruppe 1 2012/201"]
[Date "2012.12.16"]
[Round "4.3"]
[White "Homuth, Wolfgang"]
[Black "Gruen, Gerd-Peter"]
[Result "1/2-1/2"]
[WhiteElo "2197"]
[BlackElo "2297"]
[PlyCount "108"]
[EventDate "2012.??.??"]
[WhiteTeam "Langenfelder SF 1"]
[BlackTeam "Bielefelder SK 1"]

1. e4 Nf6 2. e5 Nd5 3. d4 d6 4. c4 Nb6 5. exd6 cxd6 6. Nc3 g6 7. Be3 Bg7 8. Rc1
O-O 9. b3 h6 10. Be2 e5 11. dxe5 dxe5 12. Qxd8 Rxd8 13. c5 N6d7 14. Rd1 Nc6 15.
Nf3 Nd4 16. Nxd4 exd4 17. Bxd4 Nxc5 18. Bxg7 Rxd1+ 19. Bxd1 Kxg7 20. O-O Be6
21. Bf3 Rc8 22. Nb5 a5 23. Nd4 b6 24. Rc1 Rd8 25. Nxe6+ fxe6 26. Rc2 e5 27. g3
e4 28. Be2 Kf6 29. Kf1 Ke5 30. Ke1 g5 31. Rc4 Rd4 32. Rc2 Rd6 33. Rc4 Ne6 34.
b4 Rd4 35. bxa5 bxa5 36. Rc6 Rb4 37. Bg4 Nd4 38. Rc5+ Kd6 39. Rxa5 Rb2 40. a4
Nf3+ 41. Bxf3 exf3 42. h3 Re2+ 43. Kf1 Ra2 44. Kg1 Ra1+ 45. Kh2 Rf1 46. g4
Rxf2+ 47. Kg3 Rf1 48. Ra6+ Ke5 49. Rxh6 Rg1+ 50. Kxf3 Ra1 51. h4 Ra3+ 52. Kf2
Rxa4 53. Kf3 Ra3+ 54. Kg2 gxh4 1/2-1/2

[Event "Bielefelder SK 1 - Langenfelder SF 1"]
[Site "NRW-Klasse, Gruppe 1 2012/201"]
[Date "2012.12.16"]
[Round "4.5"]
[White "Huelsmann, Josef"]
[Black "Wagenknecht, Uwe"]
[Result "0-1"]
[WhiteElo "2128"]
[BlackElo "2175"]
[PlyCount "48"]
[EventDate "2012.??.??"]
[WhiteTeam "Langenfelder SF 1"]
[BlackTeam "Bielefelder SK 1"]

1. d4 Nf6 2. Bg5 Ne4 3. Bf4 d5 4. Nd2 Bf5 5. e3 e6 6. Ngf3 g5 7. Bg3 h5 8. h3
Nxg3 9. fxg3 Bd6 10. Bd3 Bxg3+ 11. Ke2 Bxd3+ 12. cxd3 Nc6 13. Qb3 Rb8 14. Rac1
f5 15. Qa4 O-O 16. b4 g4 17. Ng1 f4 18. Nf1 Bf2 19. Rxc6 bxc6 20. Kxf2 fxe3+
21. Ke1 Rxf1+ 22. Kxf1 Qf6+ 23. Nf3 gxf3 24. Rg1 e2+ 0-1

[Event "Bielefelder SK 1 - Langenfelder SF 1"]
[Site "NRW-Klasse, Gruppe 1 2012/201"]
[Date "2012.12.16"]
[Round "4.6"]
[White "Simon, Hans Christian"]
[Black "Deppe, Arne"]
[Result "0-1"]
[WhiteElo "2129"]
[BlackElo "2113"]
[PlyCount "112"]
[EventDate "2012.??.??"]
[WhiteTeam "Bielefelder SK 1"]
[BlackTeam "Langenfelder SF 1"]

1. Nf3 d6 2. d4 Nf6 3. g3 Nbd7 4. Bg2 e5 5. c4 Be7 6. O-O O-O 7. Nc3 c6 8. h3
Re8 9. e4 Bf8 10. Qc2 a6 11. a4 b6 12. Be3 Bb7 13. d5 Qc7 14. Rfc1 Rec8 15. Qe2
Qd8 16. Nd2 g6 17. h4 Bg7 18. Bh3 c5 19. a5 Rcb8 20. axb6 Nxb6 21. f3 Bc8 22.
Qg2 Bxh3 23. Qxh3 Qd7 24. Qxd7 Nbxd7 25. b3 Nh5 26. Ne2 f5 27. Ra2 Ndf6 28. Bg5
fxe4 29. Bxf6 Nxf6 30. fxe4 Bh6 31. Rf1 Kg7 32. Rf3 Bxd2 33. Rxd2 Nxe4 34. Ra2
Rb6 35. Kg2 Rab8 36. Nc1 Rf8 37. Rxf8 Kxf8 38. Kf3 Nf6 39. g4 Nd7 40. h5 Kg7
41. hxg6 Kxg6 42. Rh2 Nf6 43. g5 Kxg5 44. Rg2+ Kf5 45. Rg7 Rb8 46. Ra7 Rg8 47.
Rxa6 e4+ 48. Kf2 Ke5 49. Ra7 Kd4 50. Rf7 Ng4+ 51. Ke1 Ne5 52. Rxh7 Ke3 53. Kd1
Rg2 54. Ra7 Rd2+ 55. Ke1 Nf3+ 56. Kf1 Rf2# 0-1

[Event "Bielefelder SK 1 - Langenfelder SF 1"]
[Site "NRW-Klasse, Gruppe 1 2012/201"]
[Date "2012.12.16"]
[Round "4.7"]
[White "Weber, Franz-Josef"]
[Black "Gruettemeier, Uwe"]
[Result "1/2-1/2"]
[WhiteElo "1989"]
[BlackElo "2092"]
[Annotator "Doe,John"]
[PlyCount "105"]
[EventDate "2012.??.??"]
[WhiteTeam "Langenfelder SF 1"]
[BlackTeam "Bielefelder SK 1"]

1. e4 c6 2. d3 d5 3. Nd2 Qc7 4. Ngf3 Bg4 5. Be2 e6 6. O-O Nf6 7. Re1 Be7 8. c3
O-O 9. Qc2 Nbd7 10. Nf1 h6 11. Ng3 Bd6 12. Nd4 Bxe2 13. Qxe2 a6 14. Nf3 dxe4
15. dxe4 Ne5 16. Be3 Nxf3+ 17. Qxf3 Nd7 18. Qh5 Bf4 19. Bxf4 Qxf4 20. e5 Nc5
21. Rad1 Rad8 22. Qe2 Qh4 $11 23. Qe3 Qe7 24. b4 Na4 25. Ne4 Rxd1 26. Rxd1 Rd8
27. Re1 b5 28. Nd6 Qc7 29. g4 Nb6 30. g5 hxg5 31. Qxg5 Nc4 32. Nxc4 bxc4 33.
Re4 Rd1+ 34. Kg2 Qd7 35. Rg4 Qd5+ 36. f3 g6 37. Rh4 Qd2+ 38. Qxd2 Rxd2+ 39. Kg3
Rxa2 40. Rxc4 a5 41. Rxc6 axb4 42. cxb4 Rb2 43. Rb6 Kg7 44. Rb7 Rb1 45. b5 Rg1+
46. Kf2 Rh1 47. Kg2 Rb1 48. b6 Rb5 49. f4 Rb3 50. Rb8 Kh7 51. h4 Kh6 52. Rh8+
Kg7 53. Rb8 1/2-1/2

[Event "Bielefelder SK 1 - Langenfelder SF 1"]
[Site "NRW-Klasse, Gruppe 1 2012/201"]
[Date "2012.12.16"]
[Round "4.8"]
[White "Sudbrock, Ralf"]
[Black "Schmitz, Hans-Werner"]
[Result "1-0"]
[WhiteElo "2021"]
[BlackElo "2040"]
[PlyCount "69"]
[EventDate "2012.??.??"]
[WhiteTeam "Bielefelder SK 1"]
[BlackTeam "Langenfelder SF 1"]

1. e4 d6 2. d4 g6 3. Nc3 Bg7 4. Be2 a6 5. Be3 Nd7 6. Qd2 b5 7. Nh3 Bb7 8. f3 c5
9. O-O cxd4 10. Bxd4 Ngf6 11. a4 bxa4 12. Rxa4 O-O 13. Rfa1 Nc5 14. Ra5 Nfd7
15. Bxg7 Kxg7 16. Nf4 e5 17. Nfd5 Nb6 18. b4 Ne6 19. Bxa6 Nxd5 20. Nxd5 Bxd5
21. exd5 Nd4 22. Bd3 Rb8 23. Ra6 Qc7 24. R1a3 Rfc8 25. c3 Nb5 26. Bxb5 Rxb5 27.
Rc6 Qb7 28. Rxd6 Rc4 29. h3 Qc7 30. Rda6 Qb7 31. d6 Rd5 32. Qe3 Qd7 33. R3a5
Rd1+ 34. Kh2 Rxd6 35. Qxe5+ 1-0

[Event "SV Castrop-Rauxel 1 - SV Dinslaken 1"]
[Site "NRW-Klasse, Gruppe 1 2012/201"]
[Date "2013.01.20"]
[Round "5.1"]
[White "Trella, Thomas"]
[Black "Van Eijk, Sander"]
[Result "1-0"]
[WhiteElo "2352"]
[BlackElo "2400"]
[PlyCount "73"]
[EventDate "2013.??.??"]
[WhiteTeam "SV Dinslaken 1"]
[BlackTeam "SV Castrop-Rauxel 1"]

1. Nf3 c5 2. c4 Nc6 3. g3 g6 4. Bg2 Bg7 5. Nc3 e5 6. O-O Nge7 7. a3 d6 8. Ne1
Be6 9. d3 O-O 10. Nd5 Bxd5 11. cxd5 Nb8 12. b4 e4 13. Rb1 Nxd5 14. Bd2 cxb4 15.
Bxe4 Nc3 16. Bxc3 bxc3 17. Bxb7 Nd7 18. Bxa8 Qxa8 19. d4 Rc8 20. Nc2 Nb6 21.
Qd3 Bh6 22. Ne3 Qc6 23. Rfc1 Na4 24. Qb5 Bxe3 25. Qxc6 Rxc6 26. Rb8+ Kg7 27.
fxe3 Rb6 28. Rxb6 axb6 29. e4 Kf6 30. Kf2 Ke6 31. Ke3 f5 32. exf5+ gxf5 33. Kd3
Kd5 34. Rf1 Ke6 35. Rb1 d5 36. Rb4 Nb2+ 37. Kxc3 1-0

[Event "SV Castrop-Rauxel 1 - SV Dinslaken 1"]
[Site "NRW-Klasse, Gruppe 1 2012/201"]
[Date "2013.01.20"]
[Round "5.2"]
[White "Michielsen, Joost"]
[Black "Sielecki, Christof"]
[Result "1/2-1/2"]
[WhiteElo "2354"]
[BlackElo "2390"]
[PlyCount "54"]
[EventDate "2013.??.??"]
[WhiteTeam "SV Castrop-Rauxel 1"]
[BlackTeam "SV Dinslaken 1"]

1. e4 e5 2. Nf3 Nc6 3. Bb5 a6 4. Ba4 Nf6 5. O-O Be7 6. d3 b5 7. Bb3 d6 8. a4
Bd7 9. Re1 O-O 10. Nbd2 Na5 11. Ba2 c5 12. c3 Qc7 13. Nf1 bxa4 14. N3d2 Bb5 15.
Ne3 Bxd3 16. Nd5 Nxd5 17. Bxd5 Bb5 18. Bxa8 Rxa8 19. c4 Nxc4 20. Nxc4 Bxc4 21.
Qxa4 Be6 22. Bd2 Bd7 23. Qc4 Qb7 24. Bc3 Bb5 25. Qb3 Re8 26. Qc2 Bf8 27. Qd2
Re6 1/2-1/2

[Event "SV Castrop-Rauxel 1 - SV Dinslaken 1"]
[Site "NRW-Klasse, Gruppe 1 2012/201"]
[Date "2013.01.20"]
[Round "5.3"]
[White "Kern, Guido"]
[Black "Kusnetsov, Mark"]
[Result "1-0"]
[WhiteElo "2308"]
[BlackElo "2202"]
[PlyCount "65"]
[EventDate "2013.??.??"]
[WhiteTeam "SV Dinslaken 1"]
[BlackTeam "SV Castrop-Rauxel 1"]

1. Nf3 d5 2. g3 Nf6 3. Bg2 e6 4. O-O Be7 5. c4 O-O 6. d4 c6 7. Qc2 Nbd7 8. b3
b5 9. c5 a5 10. a3 Ne4 11. Nbd2 f5 12. Bb2 Qc7 13. b4 a4 14. Ne1 e5 15. Ndf3
exd4 16. Nxd4 Ne5 17. f3 Nf6 18. Nxf5 Bxf5 19. Qxf5 Nc4 20. Bd4 Kh8 21. Qd3 Nh5
22. Nc2 Bg5 23. f4 Bxf4 24. gxf4 Nxf4 25. Qd1 Rfe8 26. e3 Nxg2 27. Kxg2 Re6 28.
Kh1 Rh6 29. Rf2 Qe7 30. Qf3 Rg8 31. Rg1 Ne5 32. Qf5 Rf6 33. Rxg7 1-0

[Event "SV Castrop-Rauxel 1 - SV Dinslaken 1"]
[Site "NRW-Klasse, Gruppe 1 2012/201"]
[Date "2013.01.20"]
[Round "5.4"]
[White "Kartsev, Alexandr"]
[Black "Mundorf, Johannes"]
[Result "1/2-1/2"]
[WhiteElo "2150"]
[BlackElo "2157"]
[PlyCount "82"]
[EventDate "2013.??.??"]
[WhiteTeam "SV Castrop-Rauxel 1"]
[BlackTeam "SV Dinslaken 1"]

1. e4 e6 2. d4 d5 3. e5 c5 4. c3 Nc6 5. Nf3 Bd7 6. Be2 cxd4 7. cxd4 Nge7 8. Na3
Nf5 9. Nc2 Qb6 10. O-O a5 11. g4 Nfe7 12. Bd2 h5 13. g5 Nf5 14. Bc3 Be7 15. Ne3
g6 16. h4 Nb4 17. a3 Na6 18. Nxf5 exf5 19. Ne1 Nc7 20. a4 O-O 21. Bf3 Rfd8 22.
Ng2 Bc6 23. Ne3 Ne6 24. Bxh5 Kg7 25. Be2 Rh8 26. Ng2 Bxg5 27. hxg5 Nxg5 28. Nf4
Rh4 29. Bd2 Rah8 30. Nh5+ R8xh5 31. Bxh5 Rxh5 32. Qxh5 gxh5 33. Bxg5 Qxd4 34.
Rae1 Qg4+ 35. Kh2 Kh7 36. Rg1 Qf3 37. Re3 Qxf2+ 38. Rg2 Qf1 39. Rg1 Qf2+ 40.
Rg2 Qf1 41. Rg1 Qf2+ 1/2-1/2

[Event "SV Castrop-Rauxel 1 - SV Dinslaken 1"]
[Site "NRW-Klasse, Gruppe 1 2012/201"]
[Date "2013.01.20"]
[Round "5.5"]
[White "Cebulla, Konstantin"]
[Black "Kartsev, Soel"]
[Result "0-1"]
[WhiteElo "2114"]
[BlackElo "2167"]
[PlyCount "114"]
[EventDate "2013.??.??"]
[WhiteTeam "SV Dinslaken 1"]
[BlackTeam "SV Castrop-Rauxel 1"]

1. d4 f5 2. g3 Nf6 3. Bg2 g6 4. Nf3 Bg7 5. O-O O-O 6. c4 d6 7. b4 e5 8. dxe5
Nfd7 9. Bb2 Nc6 10. Qb3 Ndxe5 11. c5+ Kh8 12. Nxe5 dxe5 13. e3 Qe7 14. b5 Nd8
15. c6 e4 16. Ba3 Qf7 17. Bxf8 Bxa1 18. Qxf7 Nxf7 19. Nd2 Bc3 20. Nb3 bxc6 21.
Rc1 Be5 22. bxc6 Be6 23. Bc5 a5 24. Rc2 Kg7 25. Bf1 Ng5 26. Nd4 Nf3+ 27. Kg2
Ne1+ 28. Kg1 Nxc2 29. Nxe6+ Kf6 30. Nf8 Bc3 31. Nxh7+ Ke5 32. Bc4 Bb4 33. Bxb4
Nxb4 34. Ng5 Nxc6 35. h4 a4 36. Kg2 Kf6 37. Bd5 Ra6 38. g4 Ne5 39. gxf5 gxf5
40. Nh3 c6 41. Bg8 Ra8 42. Bh7 Rh8 43. Ng5 Nf3 44. Nxe4+ fxe4 45. Bxe4 Nxh4+
46. Kf1 c5 47. a3 Nf5 48. Bc6 Rh4 49. Ke2 Ke7 50. Kd3 Kd6 51. Bb5 Kc7 52. f4
Rh3 53. Bxa4 Nxe3 54. Bb5 Nd5+ 55. Kc4 Kd6 56. Be8 Rc3+ 57. Kb5 Nc7+ 0-1

[Event "SV Castrop-Rauxel 1 - SV Dinslaken 1"]
[Site "NRW-Klasse, Gruppe 1 2012/201"]
[Date "2013.01.20"]
[Round "5.6"]
[White "Sokalsky, Alexander"]
[Black "Neuer, Thomas"]
[Result "1-0"]
[WhiteElo "2218"]
[BlackElo "2041"]
[Annotator "Doe,John"]
[PlyCount "97"]
[EventDate "2013.??.??"]
[WhiteTeam "SV Castrop-Rauxel 1"]
[BlackTeam "SV Dinslaken 1"]

1. c4 c5 2. Nc3 Nc6 3. g3 g6 4. Bg2 Bg7 5. e3 d6 6. d3 e6 7. Nge2 Nge7 8. O-O
O-O 9. e4 e5 10. Nd5 Nxd5 11. cxd5 Nd4 12. Nxd4 cxd4 13. Bd2 Bd7 14. Qb3 Qb8
15. Rac1 a5 16. f4 b5 17. fxe5 Bxe5 18. Bf4 f6 19. Qc2 Rc8 20. Qd2 Rxc1 21.
Rxc1 Qd8 22. h4 Rc8 23. Rf1 Bg4 24. Kh2 Qc7 25. Rf2 b4 26. Bxe5 fxe5 27. Qg5
Qd7 28. h5 Kg7 29. h6+ Kg8 30. Qf6 Re8 31. Bf3 Bxf3 32. Rxf3 Qe7 33. Qxe7 Rxe7
34. Rf6 Rf7 $11 35. Rxd6 Rf2+ 36. Kh3 Rxb2 37. Rd8+ Kf7 38. Rd7+ Ke8 39. Rxh7
Rb1 40. Kg4 a4 41. Ra7 Rh1 42. h7 Kf8 43. Ra8+ Kg7 44. h8=Q+ Rxh8 45. Rxh8 Kxh8
46. d6 b3 47. d7 bxa2 48. d8=Q+ Kg7 49. Qd7+ 1-0

[Event "SV Castrop-Rauxel 1 - SV Dinslaken 1"]
[Site "NRW-Klasse, Gruppe 1 2012/201"]
[Date "2013.01.20"]
[Round "5.7"]
[White "Ossig, Rainer"]
[Black "Kaeding, Rainer"]
[Result "1-0"]
[WhiteElo "2068"]
[BlackElo "2101"]
[PlyCount "53"]
[EventDate "2013.??.??"]
[WhiteTeam "SV Dinslaken 1"]
[BlackTeam "SV Castrop-Rauxel 1"]

1. Nf3 d5 2. g3 Nf6 3. Bg2 c6 4. c4 Bf5 5. cxd5 cxd5 6. Qb3 Qc8 7. Nc3 e6 8. d3
Nc6 9. Bf4 a6 10. Rc1 Be7 11. O-O O-O 12. Ne5 Nd7 13. Nxc6 bxc6 14. e4 Nc5 15.
Qa3 Qb7 16. exf5 Nxd3 17. Qb3 Qxb3 18. axb3 Nxc1 19. Rxc1 exf5 20. Na4 g5 21.
Be5 f6 22. Bd4 Rad8 23. Rxc6 Rfe8 24. Nc3 Rd6 25. Bxd5+ Kg7 26. Rc7 Kg6 27. Bc5
1-0